00695nam a2200241 a 4500001001000000003000500010005001700015008004100032010001100073011001100084020001800095040000900113082001500122245008300137260005100220300001800271490002800289650003000317650001700347650003100364700003000395830002800425000110178CHAP20220329144121.0140729s2012 mx a |r| |||||||spa d a106640 a107612 a9786070232138 cCHAP04a580.3bG5600aGlosario ilustrado de embriofitas /cpor Susana Valencia Ávalos ...[et al.]. aMéxico :bUNAM. Facultad de Ciencias,c2012. a119 p. :bil.1 aLas prensas de ciencias14aBotánicaxDiccionarios.14aEmbryophyta.14aPlantasxIdentificación.1 aValencia Ávalos, Susana 4aLas prensas de ciencias